Uzair : tanda kebesaran Allah

Bibliographic Details
Main Author: Rizq Haibah
Format: Book
Published: Cairo : Dar Al-FIkir Al-Arabi , 1993
Series:Siri pendidikan Al Quran untuk kanak-kanak
Subjects:

MARC

LEADER 00000cam a2200000 7i4500
001 0000007766
002 000008336
005 20011116.0
020 |a 9836235817 
090 0 0 |a 297.122   |b RIZ 
100 0 |a Rizq Haibah 
245 1 0 |a Uzair :   |b tanda kebesaran Allah   |c Rizq Haibah ; penterjemah Maimunah Osman 
260 |a Cairo :   |b Dar Al-FIkir Al-Arabi ,   |c 1993 
300 |a 37 p. :   |b ill. ;   |c 23 cm. 
490 0 |a Siri pendidikan Al Quran untuk kanak-kanak 
650 0 0 |a Islamic stories, Malay 
999 |a 039970   |b BUKU   |c PINJAMAN   |e PERPUSTAKAAN KOMUNITI PETALING JAYA 
999 |a 039971   |b BUKU   |c PINJAMAN   |e PERPUSTAKAAN KOMUNITI PETALING JAYA 
999 |a 054961   |b BUKU   |c JUNIOR BOOKS   |e PERPUSTAKAAN KOMUNITI CAW KOTA DAMANSARA